[Event "Titled Tuesday intern op 09th Jan Early"]
[Site "Chess.com INT"]
[Date "2024.01.09"]
[Round "1"]
[White "Vasilevich, Tatjana"]
[Black "Shubhi, Gupta"]
[Result "0-1"]
[WhiteElo "2302"]
[BlackElo "1913"]
[PlyCount "61"]
[EventDate "2024.01.09"]
[EventType "swiss (blitz)"]
[EventRounds "11"]
[EventCountry "USA"]
[SourceTitle "CB03_2024"]
[SourceDate "2024.01.17"]
[SourceVersion "1"]
[SourceVersionDate "2024.01.17"]
[SourceQuality "1"]

1. d4 d5 2. c4 e6 3. Nc3 Nf6 4. cxd5 exd5 5. Bg5 Be7 6. e3 c6 7. Bd3 Nbd7 8. Nge2 0-0 9. 0-0 Re8 10. Qc2 Nf8 11. Rae1 Ne6 12. Bh4 b5 13. f3 Bb7 14. Bf2 a6 15. h3 c5 16. dxc5 Bxc5 17. Nd4 Bxd4 18. exd4 Rc8 19. Qd2 h6 20. Ne2 Qd7 21. Ng3 Qc7 22. Nf5 Nf8 23. Bg3 Qb6 24. Ne7+ Rxe7 25. Rxe7 Qxd4+ 26. Bf2 Qa4 27. b3 Qa3 28. Rxb7 Ne6 29. Bf5 Rd8 30. Bxe6 fxe6 31. Bd4 0-1

[Event "RUS-chT Rapid (Women)"]
[Site "Sochi"]
[Date "2023.10.19"]
[Round "9.19"]
[White "Vasilevich, Tatjana"]
[Black "Khamnueva, Mariya"]
[Result "1/2-1/2"]
[WhiteElo "2302"]
[BlackElo "1598"]
[PlyCount "84"]
[EventDate "2023.10.18"]
[EventType "team-swiss (rapid)"]
[EventRounds "9"]
[EventCountry "RUS"]
[SourceTitle "Mega2024 Update 01"]
[Source "Chessbase"]
[SourceDate "2023.11.12"]
[SourceVersion "1"]
[SourceVersionDate "2023.11.12"]
[SourceQuality "1"]
[WhiteTeam "Krym Kimmeriya (W)"]
[BlackTeam "Buryatiya (W)"]
[WhiteTeamCountry "RUS"]
[BlackTeamCountry "RUS"]

1. d4 d5 2. c4 e6 3. Nc3 Nf6 4. cxd5 exd5 5. Bg5 c6 6. e3 Be7 7. Bd3 h6 8. Bf4 0-0 9. h3 Ne8 10. Qc2 Nd6 11. Nf3 Nd7 12. g4 Re8 13. 0-0-0 b5 14. Kb1 b4 15. Ne2 Ne4 16. Qxc6 Nb6 17. Bxe4 Bd7 18. Qb7 dxe4 19. Qxe4 Ba4 20. Rc1 b3 21. Bc7 bxa2+ 22. Ka1 Qd5 23. Nc3 Qa5 24. Qf5 Qa6 25. Ne5 Bb3 26. d5 Bf6 27. Nc6 Nc4 28. e4 Nd2 29. Nb4 Qb7 30. Bd6 a5 31. Nbxa2 Bxa2 32. Kxa2 a4 33. Ba3 Qb3+ 34. Ka1 Nc4 35. e5 Nxa3 36. exf6 Rab8 37. Nd1 Re2 38. Rc8+ Rxc8 39. Qxc8+ Kh7 40. fxg7 Nc2+ 41. Kb1 Na3+ 42. Ka1 Nc2+ 1/2-1/2

[Event "RUS-chT Rapid (Women)"]
[Site "Sochi"]
[Date "2023.10.18"]
[Round "1.19"]
[White "Ivashentseva, Dominika"]
[Black "Vasilevich, Tatjana"]
[Result "0-1"]
[WhiteElo "1607"]
[BlackElo "2302"]
[PlyCount "104"]
[EventDate "2023.10.18"]
[EventType "team-swiss (rapid)"]
[EventRounds "9"]
[EventCountry "RUS"]
[SourceTitle "Mega2024 Update 01"]
[Source "Chessbase"]
[SourceDate "2023.11.12"]
[SourceVersion "1"]
[SourceVersionDate "2023.11.12"]
[SourceQuality "1"]
[WhiteTeam "Moscow Botvinnik School (W)"]
[BlackTeam "Krym Kimmeriya (W)"]
[WhiteTeamCountry "RUS"]
[BlackTeamCountry "RUS"]

1. d4 Nf6 2. c4 c5 3. d5 b5 4. cxb5 a6 5. bxa6 Bxa6 6. Nc3 d6 7. e4 Qa5 8. Bd2 Bxf1 9. Kxf1 Qa6+ 10. Qe2 g6 11. Nf3 Bg7 12. a4 0-0 13. Nb5 Nbd7 14. g3 Rfb8 15. Kg2 Ne8 16. Bc3 Nc7 17. Bxg7 Kxg7 18. Ra3 Nxb5 19. axb5 Qb7 20. Rxa8 Rxa8 21. Qc4 Nf6 22. Rd1 Ra5 23. b4 Rxb5 24. bxc5 Rxc5 25. Qd4 Qb5 26. e5 dxe5 27. Qxe5 e6 28. Ng5 Rxd5 29. Rxd5 Qxd5+ 30. Qxd5 exd5 31. f4 Ne4 32. Nf3 Kf6 33. Nd4 Ke7 34. Kf3 Kd6 35. Nb3 Nc5 36. Nd4 Ne6 37. Nb3 d4 38. g4 Kd5 39. Nd2 Nc5 40. h4 f5 41. gxf5 gxf5 42. Ke2 Ne4 43. Nf3 Kc4 44. Ne5+ Kc3 45. Ke1 d3 46. Nf3 Nf6 47. Kd1 Nd5 48. h5 h6 49. Kc1 Nxf4 50. Nh4 d2+ 51. Kd1 Nd3 52. Ke2 Kc2 0-1

[Event "RUS-chT Rapid (Women)"]
[Site "Sochi"]
[Date "2023.10.18"]
[Round "2.7"]
[White "Vasilevich, Tatjana"]
[Black "Reger, Valeriia"]
[Result "1/2-1/2"]
[WhiteElo "2302"]
[BlackElo "1993"]
[PlyCount "44"]
[EventDate "2023.10.18"]
[EventType "team-swiss (rapid)"]
[EventRounds "9"]
[EventCountry "RUS"]
[SourceTitle "Mega2024 Update 01"]
[Source "Chessbase"]
[SourceDate "2023.11.12"]
[SourceVersion "1"]
[SourceVersionDate "2023.11.12"]
[SourceQuality "1"]
[WhiteTeam "Krym Kimmeriya (W)"]
[BlackTeam "St Petersburg SShOR (W) II"]
[WhiteTeamCountry "RUS"]
[BlackTeamCountry "RUS"]

1. d4 Nf6 2. c4 e6 3. g3 d5 4. Bg2 dxc4 5. Nf3 c5 6. 0-0 Nc6 7. dxc5 Qxd1 8. Rxd1 Bxc5 9. Nbd2 c3 10. bxc3 0-0 11. Nb3 Be7 12. c4 Bd7 13. Bf4 Rac8 14. Bd6 Bxd6 15. Rxd6 Rfd8 16. Rad1 Be8 17. Ne1 Rxd6 18. Rxd6 Kf8 19. Rd2 Ke7 20. Nd3 b6 21. c5 h6 22. Kf1 Ra8 1/2-1/2

[Event "RUS-chT Rapid (Women)"]
[Site "Sochi"]
[Date "2023.10.18"]
[Round "4.3"]
[White "Vasilevich, Tatjana"]
[Black "Shafigullina, Zarina"]
[Result "1-0"]
[WhiteElo "2302"]
[BlackElo "2071"]
[PlyCount "137"]
[EventDate "2023.10.18"]
[EventType "team-swiss (rapid)"]
[EventRounds "9"]
[EventCountry "RUS"]
[SourceTitle "Mega2024 Update 01"]
[Source "Chessbase"]
[SourceDate "2023.11.12"]
[SourceVersion "1"]
[SourceVersionDate "2023.11.12"]
[SourceQuality "1"]
[WhiteTeam "Krym Kimmeriya (W)"]
[BlackTeam "Tatarstan Ladya (W)"]
[WhiteTeamCountry "RUS"]
[BlackTeamCountry "RUS"]

1. d4 Nf6 2. c4 e6 3. g3 d5 4. Bg2 Bb4+ 5. Nd2 0-0 6. Ngf3 dxc4 7. Qc2 Nc6 8. Qxc4 Qd5 9. 0-0 Rd8 10. e3 Qxc4 11. Nxc4 Be7 12. a3 a5 13. b3 Ne4 14. Bb2 Nd6 15. Rac1 a4 16. b4 Na7 17. Rfd1 Nab5 18. Nfe5 f6 19. Nd3 Ra7 20. Na5 Nf5 21. Kf1 Bd6 22. Ke2 Ne7 23. e4 b6 24. Nc4 Bb7 25. e5 Bxg2 26. exd6 Nf5 27. Nf4 Bd5 28. dxc7 Bxc4+ 29. Rxc4 Rxc7 30. Rxc7 Nxc7 31. g4 Nd6 32. Rc1 Nd5 33. Kf3 Nxf4 34. Kxf4 Rc8 35. Rxc8+ Nxc8 36. Ke4 Nd6+ 37. Kd3 b5 38. Bc1 Kf7 39. f4 g6 40. d5 exd5 41. Kd4 Ke6 42. Kc5 h5 43. h3 hxg4 44. hxg4 f5 45. g5 Ne4+ 46. Kxb5 Nc3+ 47. Kc6 d4 48. b5 Nd5 49. b6 Ne7+ 50. Kc7 Kd5 51. b7 Nc6 52. Bd2 Kc5 53. Be1 Kb5 54. Bb4 d3 55. Be1 Kc5 56. Bd2 Kd5 57. Be3 Ke4 58. Kxc6 Kxe3 59. b8Q d2 60. Qe5+ Kf2 61. Qd4+ Ke2 62. Qb2 Ke1 63. Qc3 Ke2 64. Qc4+ Ke1 65. Qxa4 d1Q 66. Qxd1+ Kxd1 67. a4 Kd2 68. Kd5 Kc3 69. a5 1-0

[Event "RUS-chT Blitz (Women)"]
[Site "Sochi"]
[Date "2023.10.17"]
[Round "13.11"]
[White "Grigorieva, Sofia"]
[Black "Vasilevich, Tatjana"]
[Result "0-1"]
[WhiteElo "1580"]
[BlackElo "2302"]
[PlyCount "98"]
[EventDate "2023.10.17"]
[EventType "team-tourn (blitz)"]
[EventRounds "13"]
[EventCountry "RUS"]
[SourceTitle "Mega2024 Update 01"]
[Source "Chessbase"]
[SourceDate "2023.11.12"]
[SourceVersion "1"]
[SourceVersionDate "2023.11.12"]
[SourceQuality "1"]
[WhiteTeam "Moscow Botvinnik School (W) II"]
[BlackTeam "Krym Kimmeriya (W)"]
[WhiteTeamCountry "RUS"]
[BlackTeamCountry "RUS"]

1. d4 Nf6 2. Nf3 g6 3. e3 Bg7 4. c4 c5 5. Nc3 0-0 6. b3 cxd4 7. exd4 d5 8. Be2 Nc6 9. cxd5 Nxd5 10. Nxd5 Qxd5 11. Bb2 Qa5+ 12. Qd2 Qxd2+ 13. Kxd2 Rd8 14. Bc4 Nxd4 15. Nxd4 Bxd4 16. Bxd4 Rxd4+ 17. Ke3 Rd8 18. Rhd1 Bf5 19. f3 h5 20. Rac1 Rac8 21. Rxd8+ Rxd8 22. h4 Kg7 23. a4 Kf6 24. Be2 Rc8 25. Bc4 Be6 26. Kd4 Bxc4 27. bxc4 Rc6 28. Rb1 b6 29. Rb2 e5+ 30. Kc3 Ke6 31. Kb4 f5 32. Re2 Rd6 33. a5 bxa5+ 34. Kxa5 Rd1 35. Kb5 Kd6 36. c5+ Kd5 37. Ka6 Ra1+ 38. Kb5 Rb1+ 39. Ka6 e4 40. fxe4+ fxe4 41. Kxa7 Rb4 42. c6 Kxc6 43. Rf2 Ra4+ 44. Kb8 Kd5 45. Rf6 e3 46. Rf8 Re4 47. Rd8+ Ke6 48. Re8+ Kf5 49. Rf8+ Ke5 0-1

[Event "RUS-chT Blitz (Women)"]
[Site "Sochi"]
[Date "2023.10.17"]
[Round "3.15"]
[White "Vasilevich, Tatjana"]
[Black "Garmash, Aliona"]
[Result "1/2-1/2"]
[WhiteElo "2302"]
[BlackElo "2070"]
[PlyCount "57"]
[EventDate "2023.10.17"]
[EventType "team-tourn (blitz)"]
[EventRounds "13"]
[EventCountry "RUS"]
[SourceTitle "Mega2024 Update 01"]
[Source "Chessbase"]
[SourceDate "2023.11.12"]
[SourceVersion "1"]
[SourceVersionDate "2023.11.12"]
[SourceQuality "1"]
[WhiteTeam "Krym Kimmeriya (W)"]
[BlackTeam "St Petersburg SShOR (W) II"]
[WhiteTeamCountry "RUS"]
[BlackTeamCountry "RUS"]

1. d4 d5 2. c4 c6 3. Nf3 Nf6 4. e3 Bf5 5. Nc3 e6 6. Nh4 Be4 7. f3 Bg6 8. Qb3 Qc7 9. Bd2 Be7 10. Nxg6 hxg6 11. 0-0-0 dxc4 12. Bxc4 b5 13. Bd3 a6 14. h3 Nbd7 15. Kb1 c5 16. dxc5 Nxc5 17. Qc2 Nxd3 18. Qxd3 Rd8 19. Qe2 0-0 20. Bc1 b4 21. Na4 Qa5 22. Qc2 Rc8 23. Qb3 Nd5 24. Bd2 Qb5 25. e4 Nb6 26. Nxb6 Qxb6 27. Be3 Bc5 28. Bxc5 Rxc5 29. Rc1 1/2-1/2

[Event "RUS-chT Blitz (Women)"]
[Site "Sochi"]
[Date "2023.10.17"]
[Round "7.7"]
[White "Vasilevich, Tatjana"]
[Black "Martynova, Anastasiya"]
[Result "1-0"]
[WhiteElo "2302"]
[BlackElo "1860"]
[PlyCount "59"]
[EventDate "2023.10.17"]
[EventType "team-tourn (blitz)"]
[EventRounds "13"]
[EventCountry "RUS"]
[SourceTitle "Mega2024 Update 01"]
[Source "Chessbase"]
[SourceDate "2023.11.12"]
[SourceVersion "1"]
[SourceVersionDate "2023.11.12"]
[SourceQuality "1"]
[WhiteTeam "Krym Kimmeriya (W)"]
[BlackTeam "Krasnodar Etyud Saavedry (W)"]
[WhiteTeamCountry "RUS"]
[BlackTeamCountry "RUS"]

1. d4 Nf6 2. c4 e6 3. g3 Bb4+ 4. Nd2 0-0 5. Bg2 c6 6. Ngf3 d5 7. 0-0 Nbd7 8. Qc2 b6 9. b3 Ba6 10. Bb2 Rc8 11. Rac1 Qe7 12. Ne5 dxc4 13. Ndxc4 c5 14. Nc6 Rxc6 15. Bxc6 cxd4 16. Bxd4 Rc8 17. Bxd7 Qxd7 18. Qd3 Nd5 19. e4 Ne7 20. Rfd1 Rd8 21. Qf3 Qb5 22. a3 Bd6 23. Bxg7 Kxg7 24. Nxd6 Qg5 25. Qxf7+ Kh8 26. Qxe6 Rf8 27. Nf7+ Rxf7 28. Qxf7 Ng8 29. Qd5 Qg7 30. Qd4 1-0

[Event "RUS-ch Rapid (Women)"]
[Site "Sochi"]
[Date "2023.10.15"]
[Round "1"]
[White "Vasilevich, Tatjana"]
[Black "Mullyaminova, Sofiya"]
[Result "1-0"]
[WhiteElo "2302"]
[BlackElo "1684"]
[PlyCount "47"]
[EventDate "2023.10.15"]
[EventType "swiss (rapid)"]
[EventRounds "11"]
[EventCountry "RUS"]
[SourceTitle "Mega2024 Update 01"]
[Source "Chessbase"]
[SourceDate "2023.11.12"]
[SourceVersion "1"]
[SourceVersionDate "2023.11.12"]
[SourceQuality "1"]

1. d4 Nf6 2. Bg5 Ne4 3. Bh4 d5 4. f3 Nf6 5. Nc3 Nc6 6. e4 dxe4 7. d5 Ne5 8. fxe4 e6 9. Nf3 Nxf3+ 10. Qxf3 Be7 11. Bb5+ Bd7 12. dxe6 fxe6 13. Bxf6 Bxf6 14. e5 Bh4+ 15. g3 Be7 16. Rf1 Rf8 17. Qh5+ g6 18. Qxh7 Rxf1+ 19. Bxf1 g5 20. Be2 Bc6 21. Rd1 Bd5 22. Nxd5 exd5 23. Bh5+ Kd7 24. Rxd5+ 1-0

[Event "RUS-ch Blitz (Women)"]
[Site "Sochi"]
[Date "2023.10.14"]
[Round "7"]
[White "Lysenko, Margarita"]
[Black "Vasilevich, Tatjana"]
[Result "1-0"]
[WhiteElo "2264"]
[BlackElo "2302"]
[PlyCount "63"]
[EventDate "2023.10.14"]
[EventType "swiss (blitz)"]
[EventRounds "13"]
[EventCountry "RUS"]
[SourceTitle "Mega2024 Update 01"]
[Source "Chessbase"]
[SourceDate "2023.11.12"]
[SourceVersion "1"]
[SourceVersionDate "2023.11.12"]
[SourceQuality "1"]

1. d4 Nf6 2. c4 c5 3. d5 b5 4. cxb5 a6 5. bxa6 Bxa6 6. Nc3 d6 7. Nf3 g6 8. e4 Bxf1 9. Kxf1 Qc8 10. g3 Qh3+ 11. Kg1 Bg7 12. Ng5 Qc8 13. Kg2 0-0 14. Nf3 Nbd7 15. h3 Qa6 16. a4 Rfb8 17. Ra3 Rb4 18. Re1 Ne8 19. Qc2 Nc7 20. Bd2 Qb7 21. b3 c4 22. bxc4 Rxc4 23. Qd3 Qa6 24. Nb5 Nxb5 25. axb5 Qxa3 26. Qxc4 Nc5 27. Rb1 Ra4 28. Rb4 Qa1 29. Rxa4 Qxa4 30. Qxa4 Nxa4 31. Be3 Nc3 32. b6 1-0

[Event "RUS-ch Blitz (Women)"]
[Site "Sochi"]
[Date "2023.10.14"]
[Round "11"]
[White "Potapova, Margarita"]
[Black "Vasilevich, Tatjana"]
[Result "1-0"]
[WhiteElo "2155"]
[BlackElo "2302"]
[PlyCount "85"]
[EventDate "2023.10.14"]
[EventType "swiss (blitz)"]
[EventRounds "13"]
[EventCountry "RUS"]
[SourceTitle "Mega2024 Update 01"]
[Source "Chessbase"]
[SourceDate "2023.11.12"]
[SourceVersion "1"]
[SourceVersionDate "2023.11.12"]
[SourceQuality "1"]

1. d4 Nf6 2. c4 c5 3. d5 b5 4. cxb5 a6 5. bxa6 Bxa6 6. Nc3 d6 7. Nf3 g6 8. e4 Bxf1 9. Kxf1 Qc8 10. h3 Qa6+ 11. Kg1 Bg7 12. g3 0-0 13. Kg2 Nbd7 14. a4 Rfb8 15. Qc2 Rb4 16. Re1 Rab8 17. a5 Ne8 18. Ra2 Nc7 19. Bg5 Kf8 20. Bd2 Qc4 21. Bc1 Nb5 22. Nd2 Nd4 23. Nxc4 Nxc2 24. Re2 Nd4 25. Ne3 Nxe2 26. Nxe2 Bxb2 27. Bd2 Rxe4 28. a6 Bd4 29. Kf3 f5 30. Nc4 Bxf2 31. Na5 Bd4 32. Nf4 Rb2 33. a7 Nb6 34. Rxb2 Bxb2 35. Ne6+ Kg8 36. Nc7 c4 37. Be3 Rxe3+ 38. Kxe3 g5 39. Ke2 f4 40. gxf4 gxf4 41. Nxc4 Na8 42. Nxa8 Bd4 43. Nab6 1-0

[Event "RUS-ch Blitz (Women)"]
[Site "Sochi"]
[Date "2023.10.14"]
[Round "4"]
[White "Vasilevich, Tatjana"]
[Black "Travkina, Anastasia"]
[Result "1-0"]
[WhiteElo "2302"]
[BlackElo "2202"]
[PlyCount "109"]
[EventDate "2023.10.14"]
[EventType "swiss (blitz)"]
[EventRounds "13"]
[EventCountry "RUS"]
[SourceTitle "Mega2024 Update 01"]
[Source "Chessbase"]
[SourceDate "2023.11.12"]
[SourceVersion "1"]
[SourceVersionDate "2023.11.12"]
[SourceQuality "1"]

1. d4 Nf6 2. c4 c5 3. d5 b5 4. Nf3 b4 5. Nbd2 d6 6. e4 g6 7. Bd3 Bg7 8. 0-0 0-0 9. Re1 Nfd7 10. Nf1 a5 11. a3 Ba6 12. Qc2 Qc7 13. Bf4 h6 14. h4 Nf6 15. e5 Nh5 16. Bh2 dxe5 17. Nxe5 Qb6 18. g4 Nf6 19. Ng3 b3 20. Qe2 Nbd7 21. Nxd7 Nxd7 22. h5 Ne5 23. Nf5 Nxd3 24. Nxe7+ Kh7 25. Qxd3 Qf6 26. Bg3 Qg5 27. hxg6+ fxg6 28. Re6 Rf6 29. Rae1 Raf8 30. Qe2 Bc8 31. Nxc8 Rxc8 32. Re7 Rcf8 33. Be5 R6f7 34. Bxg7 Kxg7 35. Rxf7+ Rxf7 36. Qe5+ Qxe5 37. Rxe5 Kf6 38. f4 Re7 39. d6 Rd7 40. Rd5 Ke6 41. f5+ gxf5 42. gxf5+ Kf6 43. Kg2 h5 44. Kh3 Rd8 45. d7 Ke7 46. Kh4 Kf6 47. Kxh5 Ke7 48. Kg5 Rg8+ 49. Kf4 Kd8 50. f6 Rg2 51. Kf5 Rf2+ 52. Ke6 Re2+ 53. Re5 Rd2 54. f7 Rf2 55. Rf5 1-0

[Event "RUS-ch Blitz (Women)"]
[Site "Sochi"]
[Date "2023.10.14"]
[Round "12"]
[White "Vasilevich, Tatjana"]
[Black "Volchkova, Alena"]
[Result "1/2-1/2"]
[WhiteElo "2302"]
[BlackElo "1942"]
[PlyCount "45"]
[EventDate "2023.10.14"]
[EventType "swiss (blitz)"]
[EventRounds "13"]
[EventCountry "RUS"]
[SourceTitle "Mega2024 Update 01"]
[Source "Chessbase"]
[SourceDate "2023.11.12"]
[SourceVersion "1"]
[SourceVersionDate "2023.11.12"]
[SourceQuality "1"]

1. d4 Nf6 2. g3 e6 3. Bg2 c5 4. c3 Be7 5. e4 cxd4 6. cxd4 d5 7. e5 Nfd7 8. Ne2 0-0 9. 0-0 f6 10. f4 Nc6 11. Nbc3 fxe5 12. fxe5 Rxf1+ 13. Qxf1 Nf8 14. Be3 Ng6 15. Rc1 Bd7 16. Nf4 Nxf4 17. gxf4 g6 18. Kh1 Bf8 19. Bh3 Ne7 20. Qg2 Kh8 21. Rg1 Rc8 22. Bg4 Qb6 23. Qh3 1/2-1/2

[Event "Sochi Pearl Rapid op"]
[Site "Sochi"]
[Date "2023.10.10"]
[Round "8"]
[White "Obgolts, Erik"]
[Black "Vasilevich, Tatjana"]
[Result "1-0"]
[WhiteElo "2448"]
[BlackElo "2302"]
[PlyCount "69"]
[EventDate "2023.10.09"]
[EventType "swiss (rapid)"]
[EventRounds "11"]
[EventCountry "RUS"]
[SourceTitle "Mega2024 Update 01"]
[Source "Chessbase"]
[SourceDate "2023.11.12"]
[SourceVersion "1"]
[SourceVersionDate "2023.11.12"]
[SourceQuality "1"]

1. e4 c5 2. Nf3 e6 3. d4 cxd4 4. Nxd4 Nc6 5. Nc3 Qc7 6. Be3 a6 7. Qd2 Nf6 8. f4 Bb4 9. Bd3 e5 10. Nxc6 bxc6 11. a3 Be7 12. h3 exf4 13. Bxf4 d6 14. 0-0-0 Be6 15. Be2 0-0 16. Bxd6 Bxd6 17. Qxd6 Qb6 18. Qd4 Qa5 19. Rhf1 Rfd8 20. Qe3 Rdb8 21. Qd4 Nd7 22. Bg4 Bxg4 23. hxg4 Qg5+ 24. Kb1 Nf6 25. Rf5 Qxg4 26. Rdf1 Re8 27. R1f4 Qxg2 28. Qc4 Re7 29. Qxc6 Rae8 30. Rxf6 gxf6 31. Nd5 Qh1+ 32. Ka2 Re6 33. Nxf6+ Kh8 34. Qc3 R8e7 35. Rg4 1-0

[Event "Titled Tuesday intern op 26th Sep Late"]
[Site "Chess.com INT"]
[Date "2023.09.26"]
[Round "11"]
[White "Cuenca Jimenez, Jose Fernando"]
[Black "Vasilevich, Tatjana"]
[Result "1-0"]
[WhiteElo "2500"]
[BlackElo "2302"]
[PlyCount "115"]
[EventDate "2023.09.26"]
[EventType "swiss (blitz)"]
[EventRounds "11"]
[EventCountry "USA"]
[SourceTitle "EXT 2024"]
[Source "ChessBase"]
[SourceDate "2023.10.10"]
[SourceVersion "1"]
[SourceVersionDate "2023.10.10"]
[SourceQuality "1"]

1. c4 e5 2. Nc3 Nf6 3. Nf3 Nc6 4. e4 Bc5 5. Nxe5 Nxe5 6. d4 Bb4 7. dxe5 Nxe4 8. Qf3 Nxc3 9. bxc3 Ba5 10. Bf4 0-0 11. Be2 Qe7 12. 0-0 d6 13. exd6 cxd6 14. Rad1 Rd8 15. Rfe1 Be6 16. Qg3 Qf6 17. Rc1 h6 18. Red1 Rac8 19. Bxd6 Bxc4 20. Be5 Qg6 21. Rxd8+ Bxd8 22. Qxg6 fxg6 23. Bxc4+ Rxc4 24. Kf1 Bf6 25. Bxf6 gxf6 26. Ke2 b5 27. Kd3 a6 28. Rb1 Kf7 29. Rb4 Rxb4 30. cxb4 Ke6 31. Kd4 Kd6 32. f4 g5 33. Ke4 Ke6 34. g4 gxf4 35. h4 f3 36. Kxf3 Ke5 37. Ke3 Kd5 38. Kf4 Ke6 39. Ke4 Ke7 40. Kf5 Kf7 41. h5 Ke7 42. Kg6 f5 43. gxf5 a5 44. a3 axb4 45. axb4 Kd6 46. f6 Kd5 47. f7 Kc4 48. f8Q Kb3 49. Qc5 Ka4 50. Kxh6 Kb3 51. Qxb5 Kc3 52. Qc5+ Kb3 53. b5 Ka4 54. b6 Kb3 55. b7 Ka4 56. Kg7 Kb3 57. b8Q+ Ka4 58. Qca7# 1-0

[Event "Titled Tuesday intern op 26th Sep Late"]
[Site "Chess.com INT"]
[Date "2023.09.26"]
[Round "5"]
[White "Mikaelyan, Arman"]
[Black "Vasilevich, Tatjana"]
[Result "0-1"]
[WhiteElo "2529"]
[BlackElo "2302"]
[PlyCount "104"]
[EventDate "2023.09.26"]
[EventType "swiss (blitz)"]
[EventRounds "11"]
[EventCountry "USA"]
[SourceTitle "EXT 2024"]
[Source "ChessBase"]
[SourceDate "2023.10.10"]
[SourceVersion "1"]
[SourceVersionDate "2023.10.10"]
[SourceQuality "1"]

1. e4 c5 2. Nf3 e6 3. d4 cxd4 4. Nxd4 a6 5. Bd3 Nf6 6. 0-0 Qc7 7. c4 d6 8. Nc3 Be7 9. b3 0-0 10. Bb2 Nc6 11. Nxc6 bxc6 12. f4 d5 13. e5 Nd7 14. Rf3 g6 15. Rh3 f5 16. cxd5 cxd5 17. Ne2 Bb7 18. Nd4 Qb6 19. Kh1 Nc5 20. Rc1 Ne4 21. Bxe4 dxe4 22. Rhc3 Rac8 23. Rxc8 Rxc8 24. Rxc8+ Bxc8 25. h3 Bc5 26. Ne2 a5 27. Bd4 Qd8 28. Qg1 Bb4 29. Qe3 Ba6 30. Nc3 Bd3 31. Na4 Qc7 32. Nc5 Bxc5 33. Bxc5 Qd7 34. Kh2 a4 35. b4 Bc4 36. Bd6 Bxa2 37. Qb6 Qe8 38. Qa7 Bd5 39. Be7 Qa8 40. Qd7 a3 41. Bf6 Qf8 42. Qa7 a2 43. b5 e3 44. Kg3 e2 45. Kf2 e1Q+ 46. Kxe1 Qb4+ 47. Kf2 Qd2+ 48. Kg3 Qxg2+ 49. Kh4 Qf2+ 50. Kg5 Qg3+ 51. Kh6 Qxh3+ 52. Bh4 Qxh4# 0-1

[Event "Titled Tuesday intern op 26th Sep Early"]
[Site "Chess.com INT"]
[Date "2023.09.26"]
[Round "10"]
[White "Olsen, Filip Boe"]
[Black "Vasilevich, Tatjana"]
[Result "1-0"]
[WhiteElo "2428"]
[BlackElo "2302"]
[PlyCount "115"]
[EventDate "2023.09.26"]
[EventType "swiss (blitz)"]
[EventRounds "11"]
[EventCountry "USA"]
[SourceTitle "EXT 2024"]
[Source "ChessBase"]
[SourceDate "2023.10.10"]
[SourceVersion "1"]
[SourceVersionDate "2023.10.10"]
[SourceQuality "1"]

1. c4 e5 2. Nf3 Nc6 3. Nc3 Nf6 4. Qc2 Bb4 5. g3 Bxc3 6. bxc3 0-0 7. Bg2 d6 8. 0-0 h6 9. d3 Nd7 10. e4 f5 11. exf5 Nc5 12. Nh4 Rxf5 13. d4 exd4 14. Nxf5 d3 15. Nxh6+ gxh6 16. Qd2 Qf6 17. Qxh6 Qxh6 18. Bxh6 Be6 19. Bd5 Bxd5 20. cxd5 Ne5 21. Bf4 Nc4 22. Rab1 b5 23. Rxb5 a5 24. Rd1 Re8 25. Rxc5 dxc5 26. Rxd3 Re7 27. Kf1 Rd7 28. h4 Nb6 29. h5 c6 30. d6 Nd5 31. c4 Nb6 32. Rc3 Kf7 33. g4 Ke6 34. Kg2 Na4 35. Rc2 Nb6 36. h6 Kf6 37. Kg3 Kg6 38. Be5 Kxh6 39. f4 Kg6 40. f5+ Kf7 41. g5 Kg8 42. g6 Ra7 43. Rh2 Rg7 44. Bxg7 Kxg7 45. d7 Nxd7 46. Rh7+ Kf6 47. Rxd7 Kxf5 48. g7 Ke6 49. g8Q+ Kxd7 50. Qf7+ Kd6 51. Kf4 a4 52. Qf6+ Kc7 53. Ke5 Kb6 54. Kd6 a3 55. Qd8+ Kb7 56. Qd7+ Kb8 57. Kxc6 Ka8 58. Qb7# 1-0

[Event "Titled Tuesday intern op 26th Sep Late"]
[Site "Chess.com INT"]
[Date "2023.09.26"]
[Round "10"]
[White "Vasilevich, Tatjana"]
[Black "Dyachuk, Artem"]
[Result "1-0"]
[WhiteElo "2302"]
[BlackElo "2236"]
[PlyCount "81"]
[EventDate "2023.09.26"]
[EventType "swiss (blitz)"]
[EventRounds "11"]
[EventCountry "USA"]
[SourceTitle "EXT 2024"]
[Source "ChessBase"]
[SourceDate "2023.10.10"]
[SourceVersion "1"]
[SourceVersionDate "2023.10.10"]
[SourceQuality "1"]

1. Nf3 Nf6 2. b3 d5 3. Bb2 Bg4 4. Ne5 Bh5 5. g3 e6 6. d4 Bb4+ 7. c3 Bd6 8. Bg2 c5 9. 0-0 0-0 10. Nd2 Nc6 11. Ndf3 Ne4 12. c4 Nxd4 13. Nxd4 Bxe5 14. Nxe6 fxe6 15. Bxe5 Qg5 16. f4 Qd8 17. cxd5 exd5 18. Bxe4 dxe4 19. Qc2 Bg6 20. Qxc5 Rc8 21. Qxa7 Qd2 22. Qxb7 Bf7 23. Qxe4 Bh5 24. Rfd1 Qa5 25. Qd5+ Qxd5 26. Rxd5 Rc2 27. Rd7 Bf7 28. e4 Ra8 29. a4 h5 30. a5 h4 31. gxh4 Ra6 32. Rd6 Ra7 33. a6 Bh5 34. Bd4 Ra8 35. a7 Bf3 36. Re1 Re8 37. Rb6 Kh7 38. Rb8 Re6 39. f5 Rh6 40. a8Q Rxh4 41. Rh8# 1-0

[Event "Titled Tuesday intern op 26th Sep Early"]
[Site "Chess.com INT"]
[Date "2023.09.26"]
[Round "11"]
[White "Vasilevich, Tatjana"]
[Black "Manukian, Artak"]
[Result "1-0"]
[WhiteElo "2302"]
[BlackElo "2196"]
[PlyCount "103"]
[EventDate "2023.09.26"]
[EventType "swiss (blitz)"]
[EventRounds "11"]
[EventCountry "USA"]
[SourceTitle "EXT 2024"]
[Source "ChessBase"]
[SourceDate "2023.10.10"]
[SourceVersion "1"]
[SourceVersionDate "2023.10.10"]
[SourceQuality "1"]

1. Nf3 c6 2. b3 d5 3. Bb2 Nf6 4. g3 Bg4 5. Bg2 Qc8 6. h3 Bf5 7. d3 a5 8. a4 Na6 9. Nbd2 h6 10. Nh4 Bh7 11. 0-0 e6 12. e4 Be7 13. e5 Nd7 14. Nhf3 0-0 15. Re1 Nb4 16. Rc1 b5 17. Ba3 Re8 18. Nd4 bxa4 19. bxa4 Nb6 20. Bf1 Qd7 21. c4 dxc4 22. Nxc4 Qxd4 23. Bb2 Qd8 24. Nd6 Bxd6 25. exd6 Qxd6 26. Qg4 e5 27. d4 f5 28. Qd1 e4 29. d5 N6xd5 30. Qd4 Re7 31. Bc4 Bg6 32. Ba3 Kh7 33. Rcd1 Rd8 34. Qb2 Qe5 35. Qc1 Red7 36. Bb2 Qe7 37. Rd2 Qg5 38. h4 Qh5 39. Be2 e3 40. fxe3 Re8 41. Bxh5 Bxh5 42. Qb1 Bg6 43. Qc1 Rde7 44. Bd4 f4 45. e4 Bxe4 46. Rde2 Nd3 47. Qd2 Nxe1 48. Rxe1 fxg3 49. Bc5 Re6 50. Bd4 g2 51. Qxa5 Nf4 52. Re3 1-0